Las ballenas y los delfines ; (Registro nro. 6710)
[ vista simple ]
| 000 -CABECERA | |
|---|---|
| Longitud fija campo de control | 01172ngm a2200265 a 4500 |
| 005 - • FECHA Y HORA DE LA ÚLTIMA TRANSACCIÓN | |
| Fecha y hora de la última transacción | 20220317001343.0 |
| 008 - • CÓDIGOS DE INFORMACIÓN DE LONGITUD FIJA | |
| Códigos de información de longitud fija | 161108s9999 sp g 000 0 spa |
| 082 04 - • NÚMERO DE LA CLASIFICACIÓN DECIMAL DEWEY | |
| Número de clasificación (R) | 591.77 |
| Número del ítem | D32b |
| 040 ## - FUENTE DE LA CATALOGACIÓN | |
| Centro catalogador de origen | CO-BoRNBP |
| Lengua de catalogación | spa |
| Normas de descripción | rda |
| Centro transcriptor | CO-BoRNBP |
| 110 2# - • PUNTO DE ACCESO PRINCIPAL-NOMBRE DE ENTIDAD CORPORATIVA | |
| Nombre de entidad corporativa o nombre de jurisdicción como elemento inicial | Didaco |
| 245 14 - • TITULO PROPIAMENTE DICHO | |
| Título | Las ballenas y los delfines ; |
| Resto del título | Los tiburones |
| Mención de responsabilidad, etc. | Didaco, Tessloff |
| Medio | videodisco digital |
| 250 ## - • MENCIÓN DE EDICIÓN | |
| Mención de edición | 1a. edición |
| 264 ## - PRODUCCIÓN, PUBLICACIÓN , DISTRIBUCIÓN, FABRICACIÓN Y COPYRIGHT | |
| Lugar de producción, publicación, distribución, fabricación | Barcelona |
| Nombre del productor, editor, distribuidor, fabricante | Didaco |
| 300 ## - • DESCRIPCIÓN FÍSICA | |
| Extensión | 1 DVD (50 minutos) |
| Otras características físicas | sonido, color, digital |
| Dimensiones | 19 cm |
| 336 ## - TIPO DE CONTENIDO | |
| Término de tipo de contenido | texto |
| Código de tipo de contenido | txt |
| Fuente | rdacontent |
| 337 ## - TIPO DE MEDIO | |
| Nombre del tipo de medio | sin mediación |
| Código del tipo de medio | n |
| Fuente | rdamedia |
| 338 ## - TIPO DE SOPORTE | |
| Nombre del tipo de soporte | volumen |
| Código del tipo de soporte | nc |
| Fuente | rdacarrier |
| 490 ## - • MENCIÓN DE SERIE | |
| Mención de serie | Descubrir cómo y por qué |
| 505 ## - • NOTA DE CONTENIDO CON FORMATO | |
| Nota de contenido con formato | Las Ballenas y los delfines. ¿Qué tipos de ballenas hay?, ¿Cuáles son las ballenas más grandes?, ¿Por qué las ballenas emigran?, ¿Cómo respiran las ballenas?, ¿Qué hacen las ballenas para alimentarse?, ¿Cómo son los dientes de las ballenas? |
| 650 14 - • PUNTO DE ACCESO ADICIONAL DE MATERIA - TÉRMINO DE MATERIA | |
| Fuente del encabezamiento o término | LEMB |
| Término de materia o nombre geográfico como elemento inicial | Ballenas |
| Subdivisión de forma | Videodiscos |
| Subdivisión de materia general | Hábitos y conductas |
| 650 14 - • PUNTO DE ACCESO ADICIONAL DE MATERIA - TÉRMINO DE MATERIA | |
| Fuente del encabezamiento o término | LEMB |
| Término de materia o nombre geográfico como elemento inicial | Tiburones |
| Subdivisión de forma | Videodiscos |
| Subdivisión de materia general | Hábitos y conductas |
| 650 14 - • PUNTO DE ACCESO ADICIONAL DE MATERIA - TÉRMINO DE MATERIA | |
| Fuente del encabezamiento o término | LEMB |
| Término de materia o nombre geográfico como elemento inicial | Delfines |
| Subdivisión de forma | Videodiscos |
| Subdivisión de materia general | Hábitos y conductas |
| 710 ## - • PUNTO DE ACCESO ADICIONAL - NOMBRE DE ENTIDAD | |
| Nombre de entidad o nombre de jurisdicción como elemento inicial | Tessloff |
| 942 ## - ENTRADA DE ELEMENTOS AGREGADOS (KOHA) | |
| Fuente de clasificaión o esquema | Dewey Decimal Classification |
| Koha [por defecto] tipo de item | DVD |
No hay ítems disponibles.